000 00319nam a22001457a 4500
008 210511b ||||| |||| 00| 0 eng d
020 _a9790442019401
041 _aeng
080 _a721
082 _a721
100 _a41
101 _aNDE
245 _aConstruction Safety Planning
_cCollum,D.V
942 _2udc
_cBK
999 _c57142
_d57142